Národná legislatíva a predpisy EÚ vo vzťahu k dohovoru o medzinárodnom obchode s ohrozenými druhmi voľne žijúcich živočíchov a rastlín (CITES)

Podrobná bibliografia
Ďalší autori: Bartošová, Eva (Zostavovateľ, kompilátor), Matejovičová, Lucia (Zostavovateľ, kompilátor)
Médium: Kniha
Jazyk:slovenčina
Fyzický popis:141 strán 21 cm
Vydavateľské údaje: Banská Bystrica Štátna ochrana prírody SR 2006
ISBN:8089035698
Vydanie:1. vydanie
Predmet:

MARC

LEADER 00000cam a2200000 4500
001 vtls012136511
003 SK-MaSNL
005 20260328034437.0
008 220524s2006 xo f l 000 0 slo
015 |a SNBA2006 
020 |a 8089035698  |q (brožované) 
040 |a SNK  |b slo  |c SNK  |e rda 
041 0 |a slo 
044 |a xo  |c SK 
072 7 |a 502  |x Životné prostredie a jeho ochrana  |2 konspekt 
080 |a 504:592/599  |2 2011 
080 |a 502.172:592/599  |2 2011 
080 |a 502.172:582  |2 2011 
080 |a (094.5)  |2 2011 
080 |a (094)  |2 2001 
245 0 0 |a Národná legislatíva a predpisy EÚ vo vzťahu k dohovoru o medzinárodnom obchode s ohrozenými druhmi voľne žijúcich živočíchov a rastlín (CITES)  |c zostavili Eva Bartošová, Lucia Matejovičová 
250 |a 1. vydanie 
264 1 |a Banská Bystrica  |b Štátna ochrana prírody SR  |c 2006 
300 |a 141 strán  |c 21 cm 
336 |a text  |b txt  |2 rdacontent 
337 |a bez média  |b n  |2 rdamedia 
338 |a zväzok  |b nc  |2 rdacarrier 
500 |a Vydané v spolupráci so Slovenskou agentúrou životného prostredia, Banská Bystrica 
630 0 7 |a CITES  |2 SNKPHunif  |9 18804 
650 0 7 |a ohrozené druhy živočíchov  |2 SNKPH  |9 3697 
650 0 7 |a Endangered animals  |2 SNKPHeng  |9 364361 
650 0 7 |a ochrana živočíchov  |2 SNKPH  |9 3949 
650 0 7 |a Animal conservation  |2 SNKPHeng  |9 267593 
650 0 7 |a ochrana rastlín  |2 SNKPH  |9 3636 
650 0 7 |a Plant conservation  |2 SNKPHeng  |9 275972 
650 0 7 |a ohrozené druhy rastlín  |2 SNKPH  |9 1635674 
655 7 |a právne predpisy  |2 SNKPH  |9 70481 
655 7 |a Legal regulations  |2 SNKPHeng  |9 266958 
655 7 |a právne dokumenty  |2 SNKPH  |9 70642 
700 1 0 |a Bartošová, Eva  |4 com  |9 438135 
700 1 0 |a Matejovičová, Lucia  |4 com  |9 356481 
919 |a 80-89035-69-8 
954 |a odborná, vedecká literatúra pôvodná (slovenská)  |2 lita 
999 |c 786017  |d 787947 
952 |a SNK  |b SNK  |y PREZ  |7 0  |p 17A1480681  |o snkSC 197781  |i snk2022/8492  |8 7  |0 0  |1 0  |4 0  |d 2022-05-24  |l 0  |r 2025-10-20 00:00:00  |w 2026-02-24 
952 |a SNK  |b SNK  |y VYP  |7 0  |p 17A1480680  |o snkSC 197781 D1  |i snk2022/8493  |8 7  |0 0  |1 0  |4 0  |d 2022-05-24  |l 0  |r 2026-02-24 01:19:51  |w 2026-02-24